Lexikon vlajek a znaků zemí světa /

Hlavní autor: Brožek, Aleš, 1952-
Jazyk: Čeština
Vydáno: Praha : Kartografie, 1998
Vydání: 1. vyd.
Témata:
Fyzický popis: 223 s. : barev. il., m. ; 21 cm
Knihy
Uloženo v:
LEADER 01133nam a2200349 a 4500
001 000403365
003 CZ BrMZK
005 20260210125733.0
007 ta
008 010907s1998 xr e e cze d
015 |a cnb000605892 
020 |a 80-7011-581-5 
035 |a (OCoLC)45305307 
040 |a BOA001  |b cze 
072 7 |a 929.5/.9  |x Genealogie. Heraldika. Šlechta. Vlajky  |2 Konspekt  |9 8 
080 |a 929.6  |2 MRF 
080 |a 929.921  |2 MRF 
080 |a (100)  |2 MRF 
080 |a (031)  |2 MRF 
100 1 |a Brožek, Aleš,  |d 1952-  |7 jn20010309352  |4 aut 
245 1 0 |a Lexikon vlajek a znaků zemí světa /  |c Aleš Brožek 
250 |a 1. vyd. 
260 |a Praha :  |b Kartografie,  |c 1998 
300 |a 223 s. :  |b barev. il., m. ;  |c 21 cm 
500 |a Bibliogr. 
650 0 7 |a heraldika  |7 ph120678  |2 czenas 
650 0 7 |a státní znaky  |7 ph126202  |z země světa  |2 czenas 
650 0 7 |a státní vlajky  |7 ph126197  |z země světa  |2 czenas 
655 7 |a encyklopedie  |7 fd132201  |2 czenas 
910 |a BOA001  |b 2-1057.036 
990 |a BK 
996 6 |b 2610088687  |c 2-1057.036  |l MZK  |r Sklad / do 1 hodiny  |n 7  |p p.v.  |w 000403365  |u 000010  |a 1  |e BOA001  |j MZK50  |s P